25 ways to win with people : (Record no. 5692)
[ view plain ]
| 000 -LEADER | |
|---|---|
| fixed length control field | 02166cam a2200373 a 4500 |
| 001 - CONTROL NUMBER | |
| control field | 57422557 |
| 003 - CONTROL NUMBER IDENTIFIER | |
| control field | OCoLC |
| 005 - DATE AND TIME OF LATEST TRANSACTION | |
| control field | 20190109100639.0 |
| 008 - FIXED-LENGTH DATA ELEMENTS--GENERAL INFORMATION | |
| fixed length control field | 050107s2005 tnu b 000 0 eng |
| 010 ## - LIBRARY OF CONGRESS CONTROL NUMBER | |
| LC control number | 2005000103 |
| 020 ## - INTERNATIONAL STANDARD BOOK NUMBER | |
| International Standard Book Number | 0785260943 |
| Terms of availability | (hardcover) |
| 020 ## - INTERNATIONAL STANDARD BOOK NUMBER | |
| International Standard Book Number | 9780785260943 |
| Terms of availability | (hardcover) |
| 020 ## - INTERNATIONAL STANDARD BOOK NUMBER | |
| International Standard Book Number | 0785279547 |
| Terms of availability | (international) |
| 020 ## - INTERNATIONAL STANDARD BOOK NUMBER | |
| International Standard Book Number | 9780785279549 |
| Terms of availability | (international) |
| 035 ## - SYSTEM CONTROL NUMBER | |
| System control number | (OCoLC)57422557 |
| 040 ## - CATALOGING SOURCE | |
| Original cataloging agency | DLC |
| Transcribing agency | DLC |
| Modifying agency | IG# |
| -- | BAKER |
| -- | VP@ |
| -- | UKM |
| -- | BTCTA |
| -- | OCL |
| -- | YDXCP |
| -- | OHH |
| 050 00 - LIBRARY OF CONGRESS CALL NUMBER | |
| Classification number | BV4597.52 |
| Item number | .M393 2005 |
| 082 ## - DEWEY DECIMAL CLASSIFICATION NUMBER | |
| Classification number | 158.2 |
| Item number | M465W |
| 100 1# - MAIN ENTRY--PERSONAL NAME | |
| Personal name | Maxwell, John C., |
| Dates associated with a name | 1947- |
| 245 10 - TITLE STATEMENT | |
| Title | 25 ways to win with people : |
| Remainder of title | how to make others feel like a million bucks / |
| Statement of responsibility, etc. | John C. Maxwell and Les Parrott |
| 246 3# - VARYING FORM OF TITLE | |
| Title proper/short title | Twenty-five ways to win with people |
| 260 ## - PUBLICATION, DISTRIBUTION, ETC. | |
| Place of publication, distribution, etc. | Nashville : |
| Name of publisher, distributor, etc. | T. Nelson Publishers, |
| Date of publication, distribution, etc. | c2005 |
| 300 ## - PHYSICAL DESCRIPTION | |
| Extent | xiv, 183 p. ; |
| Dimensions | 20 cm |
| 504 ## - BIBLIOGRAPHY, ETC. NOTE | |
| Bibliography, etc. note | Includes bibliographical references (p. 179-181) |
| 505 0# - FORMATTED CONTENTS NOTE | |
| Formatted contents note | Start with yourself -- Practice the 30-second rule -- Let people know you need them -- Create a memory and visit it often -- Compliment people in front of other people -- Give others a reputation to uphold -- Say the right words at the right time -- Encourage the dreams of others -- Pass the credit on to others -- Offer your very best -- Share a secret with someone -- Mine the gold of good intentions -- Keep your eyes off the mirror -- Do for others what they can't do for themselves -- Listen with your heart -- Find the keys to their hearts -- Be the first to help -- Add value to people -- Remember a person's story -- Tell a good story -- Give with no strings attached -- Learn your mailman's name -- Point out people's strengths -- Write notes of encouragement -- Help people win |
| 650 #0 - SUBJECT ADDED ENTRY--TOPICAL TERM | |
| Topical term or geographic name entry element | Interpersonal relations |
| General subdivision | Religious aspects |
| -- | Christianity |
| 650 #0 - SUBJECT ADDED ENTRY--TOPICAL TERM | |
| Topical term or geographic name entry element | Interpersonal communication |
| General subdivision | Religious aspects |
| -- | Christianity |
| 650 #0 - SUBJECT ADDED ENTRY--TOPICAL TERM | |
| Topical term or geographic name entry element | Interpersonal relations |
| 650 #0 - SUBJECT ADDED ENTRY--TOPICAL TERM | |
| Topical term or geographic name entry element | Interpersonal communication |
| 700 1# - ADDED ENTRY--PERSONAL NAME | |
| Personal name | Parrott, Les |
| 856 41 - ELECTRONIC LOCATION AND ACCESS | |
| Uniform Resource Identifier | <a href="http://www.loc.gov/catdir/toc/ecip056/2005000103.html">http://www.loc.gov/catdir/toc/ecip056/2005000103.html</a> |
| 856 42 - ELECTRONIC LOCATION AND ACCESS | |
| Uniform Resource Identifier | <a href="http://www.loc.gov/catdir/enhancements/fy0621/2005000103-d.html">http://www.loc.gov/catdir/enhancements/fy0621/2005000103-d.html</a> |
| 942 ## - ADDED ENTRY ELEMENTS (KOHA) | |
| Source of classification or shelving scheme | Dewey Decimal Classification |
| Koha item type | Books |
| Withdrawn status | Lost status | Source of classification or shelving scheme | Damaged status | Not for loan | Collection code | Home library | Current library | Shelving location | Date acquired | Cost, normal purchase price | Total Checkouts | Full call number | Barcode | Date last seen | Price effective from | Koha item type |
|---|---|---|---|---|---|---|---|---|---|---|---|---|---|---|---|---|
| Dewey Decimal Classification | Non-fiction | Harvest Mission College | Harvest Mission College | General Stacks | 09.01.2019 | 650.00 | 158.2 M465W | 006440 | 09.01.2019 | 09.01.2019 | Books |
